| 000 | 00370nam a2200133Ia 4500 | ||
|---|---|---|---|
| 008 | 191201s1951 xx 000 0 und d | ||
| 082 |
_a677.022 _bMIP |
||
| 100 | _aMILNES, A H | ||
| 245 | 2 | _aA practical Guide to Spinning Mill control and Testing Statistics | |
| 260 |
_aN.Delhi _bCook and Co Manchester _c1951 |
||
| 300 | _a112 | ||
| 650 | _aB.Tech(TE) | ||
| 942 |
_2ddc _cBK |
||
| 999 |
_c2248 _d2248 |
||